[Event "IND-ch (Women) 48th"]
[Site "Hatkanangale"]
[Date "2022.12.28"]
[Round "3"]
[White "Pushpalata, Mangal"]
[Black "Poorvi, Rajpoot"]
[Result "1-0"]
[WhiteElo "1697"]
[BlackElo "1377"]
[PlyCount "111"]
[EventDate "2022.12.26"]
[EventType "swiss"]
[EventRounds "11"]
[EventCountry "IND"]
[SourceTitle "CBM 212 Extra"]
[Source "ChessBase"]
[SourceDate "2023.03.31"]
[SourceVersion "1"]
[SourceVersionDate "2023.03.31"]
[SourceQuality "1"]

1. d4 Nf6 2. Nf3 e6 3. Bg5 h6 4. Bh4 d5 5. e3 c5 6. c3 a6 7. Bd3 Nbd7 8. Nbd2 Be7 9. Qe2 0-0 10. 0-0 Qc7 11. e4 dxe4 12. Nxe4 Re8 13. Rad1 Nxe4 14. Qxe4 Nf8 15. Bxe7 Qxe7 16. Rfe1 cxd4 17. Nxd4 Ng6 18. Qf3 Qg5 19. Bxg6 Qxg6 20. Nc6 Qf6 21. Qe4 a5 22. Ne5 Rd8 23. f4 Ra6 24. Rd4 Rad6 25. Red1 Rxd4 26. Rxd4 Rxd4 27. Qxd4 Qe7 28. Qb6 a4 29. b4 axb3 30. axb3 f6 31. Nc4 Bd7 32. Qxb7 Qc5+ 33. Kf1 Bc6 34. Qc8+ Kf7 35. Qc7+ Kg6 36. Qd6 Qd5 37. Qxd5 exd5 38. Na5 Ba8 39. b4 Kf5 40. g3 Ke6 41. Kf2 Kd6 42. Ke3 g5 43. Kd4 h5 44. f5 g4 45. b5 Kc7 46. Kc5 d4 47. b6+ Kb8 48. cxd4 Be4 49. Nc6+ Kb7 50. Ne7 Bc2 51. d5 Ba4 52. Nc6 Bc2 53. Ne7 Ba4 54. Ng8 Bc2 55. Nxf6 Bxf5 56. Nxh5 1-0

[Event "IND-ch Challengers (Women) 43rd"]
[Site "Chennai"]
[Date "2016.06.19"]
[Round "4"]
[White "Pushpalata, Mangal"]
[Black "Varshini, Veileven"]
[Result "1/2-1/2"]
[WhiteElo "1737"]
[BlackElo "2129"]
[PlyCount "53"]
[EventDate "2016.06.17"]
[EventType "swiss"]
[EventRounds "11"]
[EventCountry "IND"]
[SourceTitle "CBM 173 Extra"]
[Source "ChessBase"]
[SourceDate "2016.08.29"]
[SourceVersion "1"]
[SourceVersionDate "2016.08.29"]
[SourceQuality "1"]

1. d4 d5 2. Nf3 Nf6 3. Bf4 e6 4. e3 Be7 5. Bd3 b6 6. Ne5 Bb7 7. Nd2 0-0 8. Qf3 c5 9. c3 cxd4 10. exd4 Nbd7 11. Qh3 a6 12. 0-0 Re8 13. Rae1 Nf8 14. Bg5 N6d7 15. Bxe7 Qxe7 16. f4 f6 17. Nxd7 Qxd7 18. Nf3 Bc6 19. Rf2 a5 20. g4 Bb5 21. Bb1 Qc7 22. g5 f5 23. Ne5 g6 24. Qf3 Nd7 25. h4 Nxe5 26. Rxe5 Kf7 27. h5 1/2-1/2

[Event "IND-chB (Women) 38th"]
[Site "Chennai"]
[Date "2011.07.07"]
[Round "8"]
[White "Vaishali, Ramesh Babu"]
[Black "Pushpalata, Mangal"]
[Result "0-1"]
[WhiteElo "1666"]
[BlackElo "1867"]
[PlyCount "118"]
[EventDate "2011.07.02"]
[EventType "swiss"]
[EventRounds "11"]
[EventCountry "IND"]
[SourceTitle "CBM 143 Extra"]
[Source "ChessBase"]
[SourceDate "2011.08.29"]
[SourceVersion "1"]
[SourceVersionDate "2011.08.29"]
[SourceQuality "1"]

1. e4 c5 2. Nf3 e6 3. Be2 Nc6 4. Nc3 a6 5. 0-0 d6 6. d3 Nf6 7. Be3 b5 8. h3 Bb7 9. Qd2 Be7 10. a3 0-0 11. Rad1 Qc7 12. Nh2 d5 13. exd5 exd5 14. Bf4 Bd6 15. Bxd6 Qxd6 16. Bf3 Nd4 17. Ne2 Nxf3+ 18. Nxf3 d4 19. Nh4 Nd5 20. Qg5 Qf6 21. Qg4 Bc8 22. Qe4 Be6 23. Rfe1 Rad8 24. Ng3 Nf4 25. Nhf5 Nxg2 26. Qg4 Bxf5 27. Nxf5 Nxe1 28. Rxe1 Rfe8 29. Re4 Rxe4 30. Qxe4 g6 31. Ng3 Kg7 32. Kg2 Rd6 33. Qg4 Rd5 34. h4 h5 35. Qf3 Re5 36. Qxf6+ Kxf6 37. Ne4+ Ke7 38. f4 Rd5 39. Ng5 c4 40. Ne4 f5 41. Nf2 Rc5 42. b4 cxb3 43. cxb3 Rc3 44. a4 Rxb3 45. axb5 Rxb5 46. Kf3 Rb2 47. Nh1 a5 48. Ng3 a4 49. Ne2 Rxe2 50. Kxe2 a3 51. Kd2 a2 52. Ke2 a1Q 53. Kf3 Qd1+ 54. Kg2 Qxd3 55. Kf2 Qe3+ 56. Kg2 d3 57. Kh2 d2 58. Kg2 d1Q 59. Kh2 Qdg1# 0-1

[Event "Chennai op 3rd"]
[Site "Chennai"]
[Date "2011.01.19"]
[Round "3"]
[White "Pushpalata, Mangal"]
[Black "Areshchenko, Alexander"]
[Result "0-1"]
[WhiteElo "1857"]
[BlackElo "2671"]
[PlyCount "65"]
[EventDate "2011.01.18"]
[EventType "swiss"]
[EventRounds "11"]
[EventCountry "IND"]
[SourceTitle "CBM 140 Extra"]
[Source "ChessBase"]
[SourceDate "2011.03.01"]
[SourceVersion "1"]
[SourceVersionDate "2011.03.01"]
[SourceQuality "1"]

1. d4 Nf6 2. Nf3 g6 3. Bg5 Bg7 4. Nbd2 d5 5. e3 0-0 6. Bd3 Nbd7 7. c4 c5 8. 0-0 cxd4 9. exd4 b6 10. cxd5 Nxd5 11. Ne4 N7f6 12. Qd2 Bb7 13. Bh6 Nc7 14. Nxf6+ exf6 15. Be2 Ne6 16. Rfd1 Bd5 17. Bxg7 Kxg7 18. Ne1 Qc7 19. Rac1 Qb7 20. Rc3 Rad8 21. Rh3 h5 22. Qe3 Rfe8 23. Qg3 Ng5 24. Bf1 Nxh3+ 25. Qxh3 Be4 26. Qg3 Qd5 27. b3 Bf5 28. h3 Qd6 29. Qc3 Re7 30. Nf3 Red7 31. Qe3 Re7 32. Qc3 Rc7 33. Qa1 0-1

[Event "IND-chB (Women)"]
[Site "Shilpgram"]
[Date "2010.08.26"]
[Round "9"]
[White "Shiny, Das"]
[Black "Pushpalata, Mangal"]
[Result "0-1"]
[WhiteElo "1601"]
[BlackElo "1897"]
[PlyCount "104"]
[EventDate "2010.08.20"]
[EventType "swiss"]
[EventRounds "11"]
[EventCountry "IND"]
[SourceTitle "CBM 138 Extra"]
[Source "ChessBase"]
[SourceDate "2010.10.29"]
[SourceVersion "1"]
[SourceVersionDate "2010.10.29"]
[SourceQuality "1"]

1. e4 e6 2. d4 b6 3. Nf3 Bb7 4. Bd3 Nf6 5. Nbd2 h6 6. c3 d5 7. e5 Ne4 8. Qe2 Ng5 9. 0-0 Nxf3+ 10. Nxf3 c5 11. Be3 Be7 12. Rfd1 Nd7 13. h3 Qc7 14. Rac1 c4 15. Bb1 0-0-0 16. Nd2 g5 17. g4 f6 18. exf6 Bxf6 19. f3 h5 20. Qh2 e5 21. Qg3 Kb8 22. Kg2 Nf8 23. Bf5 h4 24. Qf2 Bc8 25. Bxc8 Rxc8 26. Nf1 exd4 27. Bxd4 Bxd4 28. Qxd4 Ne6 29. Qd2 Nf4+ 30. Kh1 Nxh3 31. Ne3 Qg3 32. Rf1 Rhf8 33. Nf5 Qf4 34. Qg2 Rxf5 35. gxf5 Qxf5 36. Qg4 Rf8 37. Rce1 Kb7 38. Re7+ Kc6 39. Qxf5 Rxf5 40. Rxa7 Re5 41. Kh2 Nf4 42. Rg7 Re2+ 43. Kh1 Nh5 44. Rg6+ Kc5 45. Kg1 Nf4 46. Rg8 Rxb2 47. Kh1 Ne2 48. Re1 Ng3+ 49. Kg1 h3 50. Rh8 Ne2+ 51. Kf1 Ng3+ 52. Kg1 Rg2# 0-1

[Event "IND-chB (Women)"]
[Site "Shilpgram"]
[Date "2010.08.24"]
[Round "6"]
[White "Pushpalata, Mangal"]
[Black "Tejaswini, Sagar"]
[Result "1-0"]
[WhiteElo "1897"]
[BlackElo "1637"]
[PlyCount "53"]
[EventDate "2010.08.20"]
[EventType "swiss"]
[EventRounds "11"]
[EventCountry "IND"]
[SourceTitle "CBM 138 Extra"]
[Source "ChessBase"]
[SourceDate "2010.10.29"]
[SourceVersion "1"]
[SourceVersionDate "2010.10.29"]
[SourceQuality "1"]

1. d4 d5 2. Nf3 e6 3. c3 Nf6 4. Bg5 Be7 5. Nbd2 h6 6. Bh4 Nbd7 7. e3 c6 8. Bd3 Qc7 9. Qe2 e5 10. e4 exd4 11. cxd4 dxe4 12. Nxe4 0-0 13. 0-0 Kh8 14. Rfe1 Nd5 15. Bxe7 Nxe7 16. Neg5 Nd5 17. Qe8 N5f6 18. Nxf7+ Kg8 19. Nxh6+ Kh8 20. Qg6 Nb6 21. Nf5 Qf7 22. Ne5 Qg8 23. Re3 Nh7 24. Ne7 Rf6 25. Qh5 Rh6 26. N5g6+ Rxg6 27. Nxg6# 1-0

[Event "IND Challenger (Women)"]
[Site "Nagpur"]
[Date "2009.09.08"]
[Round "2"]
[White "Saranya, J."]
[Black "Pushpalata, Mangal"]
[Result "1-0"]
[WhiteElo "2132"]
[BlackElo "1896"]
[PlyCount "81"]
[EventDate "2009.09.07"]
[EventType "swiss"]
[EventRounds "11"]
[EventCountry "IND"]
[SourceTitle "CBM 132 Extra"]
[Source "ChessBase"]
[SourceDate "2009.11.03"]
[SourceVersion "1"]
[SourceVersionDate "2009.11.03"]
[SourceQuality "1"]

1. e4 d6 2. d4 g6 3. Nc3 Bg7 4. f4 Nf6 5. Nf3 c6 6. Bd3 Bg4 7. Be3 Qa5 8. 0-0 Nbd7 9. h3 Bxf3 10. Qxf3 0-0 11. Rae1 e6 12. a3 e5 13. dxe5 dxe5 14. f5 b5 15. g4 a6 16. Kh2 Qc7 17. Rd1 Rfe8 18. g5 Nh5 19. fxg6 fxg6 20. Qf7+ Kh8 21. Be2 Rad8 22. Bxh5 Rf8 23. Qe7 Rfe8 24. Qd6 Qxd6 25. Rxd6 gxh5 26. Rfd1 Kg8 27. Rxd7 Rxd7 28. Rxd7 Rf8 29. Kg2 a5 30. Rc7 b4 31. axb4 axb4 32. Ne2 Rd8 33. Rxc6 Bf8 34. Ng3 h4 35. Nh5 Kf7 36. Rc7+ Kg6 37. Nf6 h6 38. Ng4 hxg5 39. Nxe5+ Kf6 40. Ng4+ Ke6 41. Rc6+ 1-0

[Event "IND-chB (Women) 34th"]
[Site "Hyderabad"]
[Date "2007.05.21"]
[Round "?"]
[White "Athirai, S."]
[Black "Pushpalata, Mangal"]
[Result "1-0"]
[WhiteElo "1963"]
[BlackElo "1959"]
[PlyCount "61"]
[EventDate "2007.05.21"]
[EventType "swiss"]
[EventRounds "11"]
[EventCountry "IND"]
[SourceTitle "EXT 2010"]
[Source "ChessBase"]
[SourceDate "2010.11.25"]
[SourceVersion "1"]
[SourceVersionDate "2010.11.25"]
[SourceQuality "1"]

1. e4 g6 2. d4 d6 3. Nc3 Bg7 4. Nf3 c6 5. Be3 Bg4 6. h3 Bxf3 7. Qxf3 Nd7 8. Bc4 e6 9. 0-0 Ne7 10. Qg3 b5 11. Bd3 b4 12. Ne2 e5 13. dxe5 dxe5 14. Rad1 Qc7 15. f4 c5 16. Bc4 Nb6 17. Bb5+ Kf8 18. fxe5 Qxe5 19. Qxe5 Bxe5 20. Bxc5 Bxb2 21. Bxb4 Be5 22. Nf4 Bxf4 23. Rxf4 a6 24. Bxa6 g5 25. Rf2 h5 26. Rd6 Nbc8 27. Rd8+ Kg7 28. Bc3+ Kg6 29. Rf6+ Kh7 30. Rxh8+ Kxh8 31. Rh6+ 1-0

[Event "IND-chB (Women) 34th"]
[Site "Hyderabad"]
[Date "2007.05.21"]
[Round "?"]
[White "Pranali, M Patil"]
[Black "Pushpalata, Mangal"]
[Result "0-1"]
[WhiteElo "1862"]
[BlackElo "1959"]
[PlyCount "144"]
[EventDate "2007.05.21"]
[EventType "swiss"]
[EventRounds "11"]
[EventCountry "IND"]
[SourceTitle "EXT 2010"]
[Source "ChessBase"]
[SourceDate "2010.11.25"]
[SourceVersion "1"]
[SourceVersionDate "2010.11.25"]
[SourceQuality "1"]

1. d4 e6 2. e4 b6 3. Nf3 Bb7 4. Bd3 Nf6 5. e5 Ne4 6. 0-0 Be7 7. Re1 d5 8. c3 Nd7 9. Qb3 f5 10. exf6 Ndxf6 11. Nbd2 Qd6 12. Ne5 0-0 13. Nf1 Nd7 14. Nxd7 Qxd7 15. Bxe4 dxe4 16. Nd2 Qd5 17. Nxe4 Qf5 18. f3 Qg6 19. Kh1 Bh4 20. Ng3 Bd5 21. c4 Bxg3 22. hxg3 Qxg3 23. Bf4 Qxf4 24. cxd5 Qh4+ 25. Kg1 Qxd4+ 26. Kf1 exd5 27. Rad1 Qc4+ 28. Qxc4 dxc4 29. Rd7 Rf7 30. Ree7 Rxe7 31. Rxe7 c5 32. Re4 Kf7 33. Rxc4 Rd8 34. Ke2 Re8+ 35. Kd2 Re5 36. Kd3 Rd5+ 37. Kc3 Rd1 38. Re4 Rc1+ 39. Kd2 Rg1 40. Re2 h5 41. Kd3 Kf6 42. Kc4 Rd1 43. Kb5 Rd7 44. a4 Kf5 45. a5 bxa5 46. Kxc5 g5 47. Kb5 Rd5+ 48. Ka6 Kf4 49. Kxa7 Kg3 50. Kb6 a4 51. Kc6 Rf5 52. Rc2 h4 53. Kb6 h3 54. gxh3 Kxh3 55. Rc4 Rxf3 56. Rxa4 Rb3+ 57. Kc5 Rxb2 58. Ra3+ Kh2 59. Kd4 g4 60. Ke3 g3 61. Ra6 Rf2 62. Rh6+ Kg2 63. Rg6 Rf8 64. Rg7 Kh2 65. Rh7+ Kg1 66. Rg7 g2 67. Ke2 Re8+ 68. Kd2 Rh8 69. Ke2 Kh2 70. Kf2 g1Q+ 71. Rxg1 Rf8+ 72. Ke2 Kxg1 0-1

[Event "Commonwealth-ch"]
[Site "Sangli"]
[Date "2000.??.??"]
[Round "4"]
[White "Saravanan, Venkat"]
[Black "Pushpalata, Mangal"]
[Result "1-0"]
[WhiteElo "2412"]
[BlackElo "2016"]
[PlyCount "62"]
[EventDate "2000.??.??"]
[EventType "swiss"]
[EventRounds "11"]
[EventCountry "IND"]
[SourceTitle "EXT 2001"]
[Source "ChessBase"]
[SourceDate "2000.11.22"]
[SourceVersion "1"]
[SourceVersionDate "2000.11.22"]
[SourceQuality "1"]

1. e4 c5 2. Nf3 d6 3. d4 cxd4 4. Nxd4 Nf6 5. Nc3 Nc6 6. f3 g6 7. Be3 Bg7 8. Qd2 a6 9. 0-0-0 Nxd4 10. Bxd4 Be6 11. g4 Qa5 12. Qe3 Rc8 13. Bd3 Rc6 14. g5 Nh5 15. Nd5 f6 16. Kb1 Kf7 17. f4 f5 18. c4 Re8 19. exf5 Bxf5 20. Bxf5 e6 21. Qb3 exd5 22. cxd5 Rc5 23. Be6+ Kf8 24. Bxc5 Qxc5 25. Qxb7 Re7 26. Qb8+ Re8 27. Qb7 Re7 28. Qb8+ Re8 29. Qb3 Qa7 30. Rc1 Nxf4 31. Rcf1 Be5 1-0

[Event "Olympiad Women-30"]
[Site "Manila"]
[Date "1992.06.24"]
[Round "14"]
[White "Veroci, Zsuzsa"]
[Black "Pushpalata, Mangal"]
[Result "1-0"]
[WhiteElo "2310"]
[BlackElo "2025"]
[PlyCount "126"]
[EventDate "1992.06.07"]
[EventType "team-swiss"]
[EventRounds "14"]
[EventCountry "PHI"]
[SourceTitle "EXT 2019"]
[Source "ChessBase"]
[SourceDate "2018.10.10"]
[SourceVersion "1"]
[SourceVersionDate "2018.10.10"]
[SourceQuality "1"]
[WhiteTeam "Hungary (W)"]
[BlackTeam "India (W)"]
[WhiteTeamCountry "HUN"]
[BlackTeamCountry "IND"]

1. e4 c5 2. Nf3 d6 3. d4 cxd4 4. Nxd4 Nf6 5. Nc3 a6 6. Bc4 e6 7. Bb3 Be7 8. f4 Qc7 9. Qf3 b5 10. a3 0-0 11. f5 e5 12. Nde2 Bb7 13. 0-0 Rd8 14. Bg5 Nbd7 15. Ng3 Nb6 16. Nh5 Nc4 17. Bxf6 Bxf6 18. Nxf6+ gxf6 19. Qh5 Kh8 20. Qh6 Qe7 21. a4 Rg8 22. axb5 axb5 23. Bxc4 bxc4 24. Qe3 Qd7 25. Rxa8 Bxa8 26. Qb6 Qc6 27. Qxc6 Bxc6 28. Rd1 Rd8 29. Ra1 Kg7 30. Ra6 Rc8 31. Kf2 Kf8 32. Ke3 Rc7 33. Rb6 Ke7 34. Rb4 Ba8 35. Rb8 Bc6 36. Kd2 d5 37. exd5 Rd7 38. Ke3 Bxd5 39. Nxd5+ Rxd5 40. Rc8 Rd4 41. Rc7+ Ke8 42. g3 h5 43. c3 Rg4 44. Kf3 Rg5 45. Rxc4 Rxf5+ 46. Ke2 Rg5 47. b4 Kd7 48. Rc5 Rg8 49. Ra5 Rc8 50. Kd3 Rc6 51. c4 Rd6+ 52. Ke3 Rc6 53. c5 f5 54. Kd3 h4 55. Kc4 hxg3 56. hxg3 Rg6 57. Kd5 Rxg3 58. b5 e4 59. Ra7+ Ke8 60. b6 Rd3+ 61. Kc6 e3 62. b7 Rb3 63. Ra3 Rxb7 1-0

[Event "Olympiad Women-30"]
[Site "Manila"]
[Date "1992.06.18"]
[Round "10"]
[White "Pushpalata, Mangal"]
[Black "Mihevc Mohr, Narcisa"]
[Result "1-0"]
[WhiteElo "2025"]
[BlackElo "2150"]
[PlyCount "91"]
[EventDate "1992.06.07"]
[EventType "team-swiss"]
[EventRounds "14"]
[EventCountry "PHI"]
[SourceTitle "EXT 2019"]
[Source "ChessBase"]
[SourceDate "2018.10.10"]
[SourceVersion "1"]
[SourceVersionDate "2018.10.10"]
[SourceQuality "1"]
[WhiteTeam "India (W)"]
[BlackTeam "Slovenia (W)"]
[WhiteTeamCountry "IND"]
[BlackTeamCountry "SLO"]

1. e4 c5 2. f4 Nc6 3. Nf3 e6 4. Qe2 Nge7 5. g3 g6 6. Bg2 Bg7 7. c3 0-0 8. 0-0 d6 9. d3 Rb8 10. Be3 b5 11. d4 cxd4 12. cxd4 Na5 13. Nbd2 Ba6 14. b3 Qd7 15. Rac1 Rfc8 16. Nh4 f5 17. exf5 exf5 18. Rfe1 Bb7 19. Ndf3 Nd5 20. Bd2 Re8 21. Qd3 b4 22. Ng5 Bc6 23. Kh1 Nf6 24. d5 Bb5 25. Qd4 Ng4 26. Qg1 Rxe1 27. Bxe1 Bd3 28. Ne6 Rb7 29. h3 Nf6 30. Bxb4 Rxb4 31. Rc7 Qxc7 32. Nxc7 Ne4 33. Qxa7 Nxg3+ 34. Kh2 Bh6 35. Ne6 Ne2 36. Qxa5 Bxf4+ 37. Nxf4 Rxf4 38. Qd8+ Kg7 39. Qe7+ Kg8 40. Nf3 Re4 41. Qd8+ Kg7 42. Qd7+ Kh6 43. Qxd6 Nf4 44. Qf8+ Kh5 45. Qf6 Kh6 46. Ng5 1-0